| 000 | 01719nab a2200217 i 4500 | ||
|---|---|---|---|
| 001 | 768714001 | ||
| 003 | CO-MdFUSB | ||
| 005 | 20240613192246.0 | ||
| 008 | 240613t2011 ck ||||| |||| 00| 0 spa d | ||
| 040 |
_bspa _cCO-MdFUSB _dCO-MdFUSB |
||
| 041 | _aspa | ||
| 100 |
_a Lince Echavarría, Astrid Elena, _eautor |
||
| 245 |
_aPercepciones de los habitantes de la Comuna 13 de Medellín sobre la seguridad que procura la institución policial _c/ Astrid Elena Lince Echavarría |
||
| 520 | _aEn este artículo se indaga por las percepciones de los habitantes de la Comuna 13 de Medellín sobre la seguridad, que procura la institución policial en la actualidad. Se pone en escena la contradicción entre la percepción de la seguridad que se vivía antes de las operaciones militares en 2002, y la que ahora se evidencia a partir de la presencia de instituciones estatales, y en especial, de la Policía Nacional como garante, no sólo de la seguridad sino también de los derechos y libertades de los ciudadanos habitantes de esta zona. La Comuna 13 sigue viéndose por parte de la comunidad como un barrio dividido por el poder de los combos, la droga y la fuerza pública hacen del territorio uno de guerra en el cual prima la lucha de poderes, es decir, el control territorial, a costa de la muerte y el desplazamiento de sus habitantes. | ||
| 650 | 7 |
_aCiencias sociales _97078 |
|
| 650 | 7 |
_aPolítica social _92578 |
|
| 650 | 7 |
_aGestión de conflictos _92119 |
|
| 773 | 0 |
_070182 _982761 _dBarranquilla - Medellín, Colombia : _oR2636 _tPensamiento Americano _w(CO-MdFUSB)768714001 _gVolumen 2 (número 6, 2011) páginas: 35 - 41 _qpágina: 35 |
|
| 942 | _cANA | ||
| 945 | _aCatherine Arias Álvarez - Practicante SENA | ||
| 999 |
_c70189 _d70189 |
||